Lights Up - Harry Styles (All Lyrics) - Statistics

General Stats
  • This quiz has been taken 84 times
    82 since last reset
  • The average score is 186 of 210
Answer Stats
Lyrics % Correct
do
100%
I
100%
so
100%
you
100%
i'm
98%
light
98%
lights
98%
never
98%
the
98%
are
96%
are?
96%
back
96%
up
96%
what
96%
who
96%
mean?
93%
mean
93%
not
93%
sorry
93%
ever
91%
shine
91%
way
91%
and
89%
by
89%
going
89%
know
89%
running
89%
all
87%
be
87%
bright
87%
into
87%
my
87%
stay
87%
step
87%
through
87%
could,
84%
down
84%
it
84%
out
84%
same
84%
coming
82%
da
82%
(oh)
82%
sweet
82%
things
82%
heart
80%
just
80%
dark
78%
if
78%
la
78%
sometimes
78%
but
76%
put
76%
see
76%
wouldn't
76%
couldn't
73%
stayed
73%
that
73%
can't
71%
like
71%
they
71%
now
67%
around
64%
it'd
64%
it's
49%
No matching quizzes found
Score Distribution
Percent of People with Each Score
Percentile by Number Answered
Your Score History
You have not taken this quiz since the last reset